| 000 | 00744nam a22002057a 4500 | ||
|---|---|---|---|
| 999 |
_c3368 _d3368 |
||
| 003 | AR-CdUCM | ||
| 008 | 190306b ||||| |||| 00| 0 spa d | ||
| 040 |
_aMUNICIPALIDAD PROVINCIAL DEL CUSCO _cBIBLIOTECA MUNICIPAL DEL CUSCO |
||
| 082 |
_a985.61 / _bG98 |
||
| 100 |
_aGuzmán Calderón, Leonel _92855 |
||
| 245 | _aViolación de la memoria / | ||
| 260 |
_aCusco : _bMercantil, _c1991 |
||
| 300 |
_a135 páginas ; _c20 cm. |
||
| 505 | _aLos padres del nuevo mundo --Mundo tiznado -- Pesadilla del mundo -- Qoyllur Rit'i: la fe andina -- Taytacha de los Temblores -- Mamacha Carmen de Paucartambo ... | ||
| 650 |
_aCusco _9772 |
||
| 650 |
_aCrónicas periodísticas _93425 |
||
| 650 |
_aHistoria _9136 |
||
| 942 |
_2ddc _cLIBROS |
||
| 945 | _araen | ||